000 00797nam a2200217Ii 4500
003 JO-AjNU
008 230605s9999||||xx |||||||||||||| ||und||
017 _a1979/4503
020 _a977-7191-55-3-393-391
040 _aJO-AjNU
_bara
_erda
_cJO-AjNU
041 _aara
050 1 4 _aHD 9578 .A55. A34 .1989
100 3 _aعلي،عبد المنعم السيد,
_eauthor
_917420
245 0 0 _aدراسات في اقتصاديات النفط العربي
264 3 1 _aالقاهرة:المنظمة العربية للتربية والثقافة والعلوم1989
300 _a288ص
336 _atext
_btxt
_2rdacontent
337 _aunmediated
_bn
_2rdamedia
338 _avolume
_bnc
_2rdacarrier
650 4 _aالبترول- جوانب اقتصادية- البلاد العربية 
_917421
999 _aA5376
_c8944
_d8944